[Event "SacrificioDeRei"]
[Site "http://www.queenalice.com/game.php?id=231224"]
[Date "2007.6.27"]
[Round "1"]
[White "philb"]
[Black "Jony"]
[Result "0-1"]
[WhiteElo "1380"]
[BlackElo "1429"]

1. e4 e5 2. Nf3 f6 3. d4 Nc6 4. c3 g5 5. h3 d6 6. g4 a6 7. h4 Bxg4 8. hxg5 fxg5
9. Bxg5 Nf6 10. Bc4 h6 11. dxe5 Nxe4 12. Bxd8 Rxd8 13. Nh4 Bxd1 14. Kxd1 dxe5+
15. Bd3 Nxf2+ 16. Ke2 Nxh1 17. Bg6+ Ke7 18. Nd2 Ng3+ 19. Kf2 Rg8 20. Kxg3 Rxd2
21. Nf5+ Kf6 22. Nxh6 Rxg6+ 23. Ng4+ Kf5 24. Rf1+ Ke4 25. Rxf8 Rd3+ 26. Kh4 Rf3
27. Rxf3 Kxf3 28. Nh2+ Kf4 29. a4 Rh6# 0-1

[Event "Challenge"]
[Site "http://www.queenalice.com/game.php?id=240605"]
[Date "2007.7.16"]
[Round "-"]
[White "philb"]
[Black "PedroNRF"]
[Result "0-1"]
[WhiteElo "1391"]
[BlackElo "1646"]

1. e4 e5 2. Nf3 Qf6 3. c3 c6 4. d4 Bd6 5. Bg5 Qg6 6. Nbd2 h6 7. Bh4 Nf6 8. dxe5
Nxe4 9. Bd3 Qxg2 10. Rf1 Nxd2 11. Kxd2 Qg4 12. exd6 Qf4+ 13. Ke2 O-O 14. Bg3
Re8+ 15. Ne5 Rxe5+ 16. Be4 Rxe4+ 17. Kd3 Qf5 18. f3 Re1+ 19. Kd2 Rxd1+ 20. Raxd1
Qd5+ 21. Kc2 Qxa2 22. Ra1 Qd5 23. Rfe1 Na6 24. Re8+ Kh7 25. Rd1 Qf5+ 26. Rd3 Qc5
27. Re5 Qc4 28. b3 Nb4+ 29. Kd2 Qxd3+ 30. Kc1 Qc2# 0-1

[Event "Challenge"]
[Site "http://www.queenalice.com/game.php?id=243456"]
[Date "2007.7.21"]
[Round "-"]
[White "philb"]
[Black "panderson1988"]
[Result "0-1"]
[WhiteElo "1440"]
[BlackElo "1592"]

1. e4 e5 2. Nf3 Nc6 3. Nc3 Nf6 4. a4 Bc5 5. Bc4 d6 6. Ng5 O-O 7. h4 Ng4 8. Qf3
h6 9. Qh3 Nxf2 10. Bxf7+ Rxf7 11. Qh2 Nxh1 12. Qxh1 hxg5 13. d4 Nxd4 14. Bxg5
Qf8 15. O-O-O Bg4 16. Re1 Bb4 17. h5 Bxc3 18. bxc3 Ne2+ 19. Kd2 Rf2 20. Qh4 Nf4+
21. Qxf2 Nxh5 22. Rf1 Qxf2+ 23. Rxf2 Ng3 24. a5 Nxe4+ 25. Ke3 Nxf2 26. Kxf2 Rf8+
27. Kg3 Bf5 28. Be3 a6 29. Bg5 Bxc2 30. Be7 Rf7 31. Bd8 c5 32. c4 Bd3 0-1

[Event "vindaloo"]
[Site "http://www.queenalice.com/game.php?id=245735"]
[Date "2007.7.25"]
[Round "2"]
[White "aarongale"]
[Black "philb"]
[Result "1-0"]
[WhiteElo "1662"]
[BlackElo "1375"]

1. e4 e5 2. Nf3 f6 3. Bc4 c6 4. a3 b5 5. Ba2 h5 6. c3 d5 7. exd5 cxd5 8. Qb3 Ne7
9. Qxb5+ Nbc6 10. d4 Rb8 11. Qa4 e4 12. Nfd2 Ng6 13. b4 Nf4 14. Qxc6+ Bd7 15.
Qa6 Nxg2+ 16. Kd1 e3 17. fxe3 Nxe3+ 18. Ke2 Nc2 19. Bb2 Bg4+ 20. Kf1 Qe7 21.
Qa4+ Qd7 22. Qxc2 Bf5 23. Qb3 Bd3+ 24. Kf2 Rxb4 25. cxb4 Qf5+ 26. Nf3 Be4 27.
Nd2 Bd6 28. Bb1 Bf4 29. Bxe4 dxe4 30. Nh4 Be3+ 31. Kxe3 Qg4 32. Ng6 Qg5+ 33. Nf4
Ke7 34. Qe6+ Kd8 35. Qd6+ Kc8 36. Rac1+ Kb7 37. Rc7+ Kb8 38. Rxg7+ Kc8 39. Qc7#
1-0

[Event "vindaloo"]
[Site "http://www.queenalice.com/game.php?id=291978"]
[Date "2007.10.24"]
[Round "3"]
[White "philb"]
[Black "Reddaz"]
[Result "0-1"]
[WhiteElo "1472"]
[BlackElo "1907"]

1. e4 c5 2. d4 cxd4 3. Nf3 Nc6 4. c3 dxc3 5. Nxc3 g6 6. h4 Bg7 7. h5 Qa5 8. h6
Bxc3+ 9. bxc3 Qxc3+ 10. Nd2 Qxa1 11. Qc2 Qf6 12. Bc4 e6 13. Nf3 Nd4 14. Qd3
Nxf3+ 15. gxf3 Qa1 16. Kd1 Nf6 17. Rh4 O-O 18. e5 Qxe5 19. Rd4 d5 20. f4 Qh5+
21. f3 dxc4 22. Rxc4 Bd7 23. Rb4 Rfd8 24. Rxb7 Ba4+ 25. Kd2 Rxd3+ 26. Kxd3 Qxf3+
27. Be3 Qxb7 28. Kd4 Rd8+ 29. Ke5 Ng4# 0-1

[Event "AUTO-INT-647"]
[Site "http://www.queenalice.com/game.php?id=320064"]
[Date "2007.12.14"]
[Round "2"]
[White "mardlucca"]
[Black "philb"]
[Result "1-0"]
[WhiteElo "1677"]
[BlackElo "1450"]

1. d4 c5 2. d5 Qa5+ 3. Bd2 Qb5 4. b3 c4 5. e4 e5 6. Bxc4 Qc5 7. Nf3 d6 8. O-O
Nf6 9. Nc3 Bg4 10. h3 Bh5 11. g4 Bxg4 12. hxg4 Nxg4 13. Ng5 h6 14. Nxf7 Kxf7 15.
Qxg4 g6 16. Rae1 Qd4 17. Nb1 h5 18. Qe6+ Kg7 19. Bg5 Qxe4 20. Qf6+ Kh7 21. Qf7+
Bg7 22. Rxe4 Rf8 23. Qxb7 Rf5 24. Be3 a5 25. Qxa8 Kg8 26. Qxb8+ Rf8 27. Qxd6 g5
28. Qe6+ Rf7 29. d6 1-0

[Event "AUTO-INT-647"]
[Site "http://www.queenalice.com/game.php?id=320065"]
[Date "2007.12.14"]
[Round "2"]
[White "philb"]
[Black "mardlucca"]
[Result "0-1"]
[WhiteElo "1458"]
[BlackElo "1669"]

1. e4 c5 2. Nc3 Nc6 3. a4 Nf6 4. f4 d6 5. Nh3 e6 6. Bc4 d5 7. e5 dxc4 8. exf6
Qxf6 9. Ne4 Qh4+ 10. Ng3 Bd6 11. d3 cxd3 12. Qxd3 Qe7 13. a5 Qc7 14. Qe3 Nb4 15.
O-O Nxc2 16. Qc3 Nxa1 17. Qxg7 Rf8 18. Qxh7 Bd7 19. Ne4 Be7 20. Be3 Nc2 21. Nxc5
Bxc5 22. Bxc5 Qxc5+ 23. Rf2 Ne3 24. Qe4 Qc1+ 25. Rf1 Qxf1# 0-1